| 000 | 00818nam a2200205 a 4500 | ||
|---|---|---|---|
| 003 | 0 | ||
| 005 | 20250611133819.0 | ||
| 008 | 021115s19uu xx 00 eng d | ||
| 050 |
_aPGS GV 709 _b.Sa163 1999 |
||
| 100 | _aSales, Sheville G. | ||
| 245 |
_aA survey on the opinions of female grade 6 students regarding soccer as a sport for girls / _cSheville G. Sales. |
||
| 260 |
_aLas PiƱas City, Philippines : _bSouthville International School and Colleges, _c1999. |
||
| 300 |
_a24 pages : _bcolored illustrations ; _c28 cm. |
||
| 504 | _aIncludes bibliographical references. | ||
| 650 |
_aSoccer for girls _vPublic opinion. |
||
| 650 |
_aSports for children _vSocial aspects. |
||
| 650 |
_aSex differences in sports _vElementary school students. |
||
| 650 | _aPhysical education for girls. | ||
| 942 |
_2lcc _cPASS |
||
| 999 |
_c96197 _d96197 |
||